000 00832nam a2200253 a 4500
001 73142
003 BD-RjUL
005 20211209082344.0
008 170528t19611960enka 001 0 eng
035 _a(BD-RjUL)73360
040 _aDLC
_cFU-L
_dBD-RjUL
_beng
041 _aeng
082 _a621.312134
_223
_bPAP 1961
100 1 _aPaton, Thomas Angus Lyall.
_9216358
245 1 0 _aPower from water /
_cby T. A. L. Paton and J. Guthrie Brown. With a foreword by Lord Reith of Stonehaven.
260 _aLondon :
_bL. Hill,
_c1961.
300 _axvii, 210 p. :
_bill. ;
_c22 cm.
500 _aIncludes index
650 0 _aHydroelectric power plants.
_9216359
650 0 _aHydroelectric power plants
_zScotland.
_9216360
700 1 _aBrown, John Guthrie,
_ejoint author.
_9216361
942 _2ddc
_cBK
999 _c73142
_d73142